24 Movie Posters Looking Straight Quiz Stats

 Plays Quiz Updated Oct 2, 2019

Score 0/24 Timer 06:00
3 Plays Today
% Correct
Home Alone
95.9%
The Angry Birds Movie
94%
Paddington
88.4%
The Boss Baby
87.8%
The Wolf of Wall Street
82.7%
Rise of the Planet of the Apes
82.6%
The Princess Diaries
76.2%
22 Jump Street
76%
Air Force One
66.8%
I, Tonya
59.6%
The Longest Yard
57.3%
The Godfather, Part III
50%
% Correct
Walk Hard: The Dewey Cox Story
34.9%
The Stepford Wives
31.3%
Charlie Wilson's War
30.7%
Black Mass
29.5%
Seven Pounds
28.9%
The Ides of March
27.8%
Aquamarine
19.8%
Burnt
16.9%
I Love You, Beth Cooper
12.4%
Lions for Lambs
9.1%
Albert Nobbs
8.5%
Youth in Revolt
6.5%

You're not logged in!

Compare scores with friends on all Sporcle quizzes.
OR
Log In

Sporcle TV

Today on Sporcle TV


Watch our educational content, quiz creation guides, and fun videos on Sporcle TV.

Show Comments

Extras

Top Quizzes Today


Score Distribution

Your Account Isn't Verified!

In order to create a playlist on Sporcle, you need to verify the email address you used during registration. Go to your Sporcle Settings to finish the process.

Report this User

Report this user for behavior that violates our Community Guidelines.

Details: